000 00606 a2200181 4500
999 _c8425
_d8425
010 _aENG-88452
020 _a8189652869
_c695.00
035 _aEN-71985
037 _bDBAD / PUB
082 1 4 _a025.00285
100 _aSinha, Kamla
245 1 _aChanging role of digital librarian/
_cby Kamla Sinha
260 _aDelhi
_bVista International Publishing House
_c2007
270 _aV-196, Near Shiv Sadhna Mandir, C-11, Yamuna Vihar,
_cDelhi
_e110 053
300 _aviii, 285p.
_c22cm (Hb)
500 _aIncludes bibliographical references and index
942 _adpl
_cEN
_2ddc
_h025.00285
_mSIN